[Event "Gobernacion op"]
[Site "Gobernacion"]
[Date "2015.11.28"]
[Round "2"]
[White "Luna Mendoza, Juan"]
[Black "Alvarez Mendoza, Rafael"]
[Result "0-1"]
[WhiteElo "1605"]
[BlackElo "1561"]
[PlyCount "61"]
[EventDate "2015.11.28"]
[EventType "swiss"]
[EventRounds "7"]
[EventCountry "COL"]
[SourceTitle "EXT 2017"]
[Source "ChessBase"]
[SourceDate "2016.10.25"]
[SourceVersion "1"]
[SourceVersionDate "2016.10.25"]
[SourceQuality "1"]

1. Nf3 d5 2. g3 Nf6 3. Bg2 Bf5 4. d3 Nbd7 5. Nc3 e6 6. Bg5 Be7 7. 0-0 c5 8. Re1 Ng4 9. h3 Nxf2 10. Kxf2 Bxg5 11. Nxg5 Qxg5 12. Qc1 Qf6 13. e4 Bxh3+ 14. Qf4 Qxf4+ 15. gxf4 Bxg2 16. Kxg2 dxe4 17. dxe4 0-0-0 18. f5 exf5 19. exf5 Nf6 20. Nb5 Kb8 21. a4 Rd2+ 22. Kf1 h5 23. Re2 Rxe2 24. Kxe2 h4 25. Rh1 Ne4 26. Ke3 Ng3 27. a5 Nxh1 28. c4 Ng3 29. Nd4 h3 30. b4 cxd4+ 31. Kxd4 0-1

[Event "COL-ch Visually limited 3rd"]
[Site "Colombia"]
[Date "2012.11.26"]
[Round "4.17"]
[White "Luna Mendoza, Juan"]
[Black "Luna Mendoza, Maximo"]
[Result "0-1"]
[WhiteElo "1605"]
[BlackElo "1605"]
[PlyCount "66"]
[EventDate "2012.11.25"]
[EventType "swiss"]
[EventRounds "7"]
[EventCountry "COL"]
[SourceTitle "EXT 2024"]
[Source "ChessBase"]
[SourceDate "2023.10.10"]
[SourceVersion "1"]
[SourceVersionDate "2023.10.10"]
[SourceQuality "1"]

1. e4 e5 2. c4 c6 3. Nf3 f6 4. Be2 Bc5 5. 0-0 d6 6. Nc3 Be6 7. b3 Ne7 8. d4 exd4 9. Nxd4 0-0 10. Nxe6 Qe8 11. Nxf8 Qxf8 12. Qd5+ cxd5 13. Nxd5 Nxd5 14. Be3 Nc3 15. Bd3 Nc6 16. Rfc1 Bb4 17. a3 Ba5 18. Bd2 Ne2+ 19. Kf1 Nxc1 20. Rxc1 Bxd2 21. Rc2 Bg5 22. e5 Nxe5 23. Be4 Ng4 24. Kg1 f5 25. Bf3 Ne5 26. Be2 Re8 27. b4 Nc6 28. c5 d5 29. b5 Nd4 30. Rb2 Nxe2+ 31. Rxe2 Rxe2 32. g3 Qxc5 33. Kf1 Qxf2# 0-1